000 00631cam a22002173a 4500
001 45787
003 PGUSA
005 20140828084049.0
008 140527s2014||||xxu|||||s|||||000 | eng d
040 _aPGUSA
_beng
042 _adc
100 1 _aDacre, Charlotte
245 1 0 _aZofloya ou le Maure, Tomes 1-4 :
_bHistoire du XVe siècle
_h[electronic resource] /
_cCharlotte Dacre
260 _bProject Gutenberg,
_c2014
506 _aPublic domain in the USA.
516 _aElectronic text
700 1 _aViterne, Mme de
830 0 _aProject Gutenberg
_v45787
856 4 0 _uhttp://www.gutenberg.org/ebooks/45787
942 _cEB
999 _c275037
_d275037